<?xml version="1.0" encoding="UTF-8"?>
<record
    xmlns:xsi="http://www.w3.org/2001/XMLSchema-instance"
    xsi:schemaLocation="http://www.loc.gov/MARC21/slim http://www.loc.gov/standards/marcxml/schema/MARC21slim.xsd"
    xmlns="http://www.loc.gov/MARC21/slim">

  <leader>01331nam a2200217   4500</leader>
  <controlfield tag="005">20240208155614.0</controlfield>
  <controlfield tag="008">240208b2021    |||||||| |||| 00| 0 spa d</controlfield>
  <datafield tag="020" ind1=" " ind2=" ">
    <subfield code="a">9788417430955</subfield>
  </datafield>
  <datafield tag="041" ind1=" " ind2=" ">
    <subfield code="a">ESP</subfield>
  </datafield>
  <datafield tag="082" ind1=" " ind2=" ">
    <subfield code="a">808.838.5 A634a</subfield>
  </datafield>
  <datafield tag="245" ind1=" " ind2=" ">
    <subfield code="a">Antolog&#xED;a de relatos rom&#xE1;nticos: apasionados</subfield>
  </datafield>
  <datafield tag="260" ind1=" " ind2=" ">
    <subfield code="a">Espa&#xF1;a</subfield>
  </datafield>
  <datafield tag="260" ind1=" " ind2=" ">
    <subfield code="b">Editorial Alma</subfield>
  </datafield>
  <datafield tag="260" ind1=" " ind2=" ">
    <subfield code="c">2021</subfield>
  </datafield>
  <datafield tag="300" ind1=" " ind2=" ">
    <subfield code="a">314 p&#xE1;ginas</subfield>
  </datafield>
  <datafield tag="505" ind1=" " ind2=" ">
    <subfield code="a">La condesa de Tende, Madame de la Fayette. Ourika, Claire de Duras. La prueba de amor, Mary Shelley. La se&#xF1;orita campesino, Aleksandr Pushkin. Rold&#xE1;n despu&#xE9;s de Roncesvalles, Alexandre Dumas, padre. La marquesa, George Sand. Los hermanos Van Buck, Alfred de Musset. La pe&#xF1;a de los enamorados, Mariano Roca de Togores. La casa del viento, Alexandre Dumas, hijo. La promesa, Gustavo Aldolfo B&#xE9;cquer. V&#xE9;ra, Auguste Villiers de L&#xB4;Isle-Adam. Un d&#xED;a &#xFA;nico, Henry James. Una viuda, Guy de Maupassant. El fondo del alma, Emilia Pardo Baz&#xE1;n. La esfinge sin secreto, Oscar Wilde. Una mujer sin prejuicios, Ant&#xF3;n Ch&#xE9;jov. El alegre mes de mayo, O. Henry. Georgie Porgie, Rudyard Kipling. Epitalamio, Ram&#xF3;n del Valle-Incl&#xE1;n. T&#xE9;, Saki. Los ojos sombr&#xED;os, Horacio Quiroga. Felicidad, Katherine Mansfield. </subfield>
  </datafield>
  <datafield tag="650" ind1=" " ind2=" ">
    <subfield code="a">LITERATURA</subfield>
  </datafield>
  <datafield tag="650" ind1=" " ind2=" ">
    <subfield code="a">CUENTOS CORTOS</subfield>
  </datafield>
  <datafield tag="650" ind1=" " ind2=" ">
    <subfield code="a">LITERATURA ROM&#xC1;NTICA</subfield>
  </datafield>
  <datafield tag="942" ind1=" " ind2=" ">
    <subfield code="2">ddc</subfield>
    <subfield code="c">LIT</subfield>
  </datafield>
  <datafield tag="999" ind1=" " ind2=" ">
    <subfield code="c">13614</subfield>
    <subfield code="d">13614</subfield>
  </datafield>
  <datafield tag="952" ind1=" " ind2=" ">
    <subfield code="o">808.838.5 A634a</subfield>
    <subfield code="p">25888</subfield>
    <subfield code="y">LIT</subfield>
  </datafield>
</record>
